MARC

LEADER 00000nam0a2200000 4500
001 173403
005 20231031164500.0
035 |a (RuTPU)RU\TPU\book\188063 
090 |a 173403 
100 |a 20091223d k y0rusy50 ca 
101 0 |a rus 
102 |a RU 
105 |a a z 001zy 
200 1 |a Научные статьи и доклады проф.-доктора А. А. Воробьева в 1970 г.  |f А. А. Воробьев 
210 |a Томск  |d Б. г. 
215 |a 95 л.  |c ил. 
320 |a Библиогр. в конце ст. 
610 1 |a доклады 
610 1 |a статьи 
610 1 |a радиационные дефекты 
610 1 |a альфа-частицы 
610 1 |a заряженные частицы 
610 1 |a ускорения 
610 1 |a ускорители 
610 1 |a Западная Сибирь 
610 1 |a богатство 
675 |a 6.022(092)  |v 3 
700 1 |a Воробьев  |b А. А.  |c российский физик  |c ректор Томского политехнического института, профессор  |f 1909-1981  |g Александр Акимович  |2 stltpush  |3 (RuTPU)RU\TPU\pers\12805 
801 1 |a RU  |b 63413507  |c 20091223 
801 2 |a RU  |b 63413507  |c 20100310  |g RCR 
942 |c BK